Vegetable Puns Quiz Stats

 Plays Quiz Updated Jun 25, 2019

Score 0/18 Timer 04:00
0 Plays Today
% Correct
Grump-pea.
94.5%
Like fava, like son.
92.7%
Barackoli.
92.7%
Because it had a good beet.
92.6%
A cab-bage.
92.5%
Silence of the Yams.
91.5%
I just don’t know where to starch.
91.1%
Cellar-y.
91%
Because they’re so pun-gent.
91%
% Correct
Because they're so well red.
90.4%
There are too many ears.
90.1%
Oh, it doesn’t need mushroom.
89.8%
A-maize-ing Grace.
87.7%
An egg-plant.
87%
Lettuce eat.
84%
The celery was too low.
84%
Zoo-cchini.
81.7%
Squash.
79.6%

You're not logged in!

Compare scores with friends on all Sporcle quizzes.
OR
Log In

Sporcle TV

Today on Sporcle TV


Watch our educational content, quiz creation guides, and fun videos on Sporcle TV.

Show Comments

Extras

Top Quizzes Today


Score Distribution

Your Account Isn't Verified!

In order to create a playlist on Sporcle, you need to verify the email address you used during registration. Go to your Sporcle Settings to finish the process.

Report this User

Report this user for behavior that violates our Community Guidelines.

Details: